书目信息 |
| 题名: |
当代外国文学纪事
|
|
| 作者: | 金莉 总主编 ;王炳钧 , 任卫东 主编 | |
| 分册: | 下卷 德语卷 | |
| 出版信息: | 北京 商务印书馆 2016.10 |
|
| 页数: | 564-1044页 | |
| 开本: | 25cm | |
| 丛书名: | 国内第一套多国别、编年式大型文学工具性丛书 | |
| 单 册: | ||
| 中图分类: | I106 , I500.6 | |
| 科图分类: | ||
| 主题词: | 外国文学--文学研究--1980-2000 , 欧洲文学--文学研究--1980-2000 | |
| 电子资源: | ||
| ISBN: | 978-7-100-12438-6 | |
| 000 | 01584oam2 2200337 450 | |
| 001 | 012016167602 | |
| 005 | 20201020102145.45 | |
| 010 | @a978-7-100-12438-6@b精装@dCNY93.00,CNY186.00(全2册) | |
| 100 | @a20161129d2016 em y0chiy0110 ea | |
| 101 | 0 | @achi |
| 102 | @aCN@b110000 | |
| 105 | @ay z 001yy | |
| 106 | @ar | |
| 200 | 1 | @a当代外国文学纪事@9dang dai wai guo wen xue ji shi@e1980-2000@i德语卷@h下卷@f金莉总主编@g王炳钧,任卫东主编 |
| 210 | @a北京@c商务印书馆@d2016.10 | |
| 215 | @a564-1044页@d25cm | |
| 225 | 2 | @a国内第一套多国别、编年式大型文学工具性丛书 |
| 300 | @a国家社科基金重点项目 | |
| 304 | @a德文共同題名:Deutschsprachige Literatur | |
| 330 | @a本书对20世纪后20年的德语文学,即德国、奥地利、瑞士等国家的德语作家的文学作品,包括小说、诗歌、戏剧、文学理论与批评等方面的发展历程进行了全面梳理,并从这四个方面对这20多年的德语区的文学发展中大约650位作家和这六百多位作家约计950部作品进行了整理和部分的介绍,较为全面地介绍二十世纪最后二十余年期间,文学在德语文化区的生产、传播和研究的状况。书后还包括了四篇综述文章,附录部分还收录了涉及德语文学的文学奖项、文学机构等的简单介绍。 | |
| 333 | @a高校相关师生以及其他的外国文学爱好者 | |
| 461 | 0 | @12001 @a国内第一套多国别、编年式大型文学工具性丛书 |
| 606 | 0 | @a外国文学@x文学研究@z1980-2000 |
| 606 | 0 | @a欧洲文学@x文学研究@z1980-2000 |
| 690 | @aI106@v5 | |
| 690 | @aI500.6@v5 | |
| 701 | 0 | @a金莉@9jin li@f(1954-)@4总主编 |
| 702 | 0 | @a王炳钧@9wang bing jun@f(1957-)@4主编 |
| 702 | 0 | @a任卫东@9ren wei dong@f(1966-)@4主编 |
| 801 | 0 | @aCN@b人天书店@c20161129 |
| 905 | @b1285381-83@dI106@e287:2@f3 | |
| 当代外国文学纪事:1980-2000.德语卷.下卷/金莉总主编/王炳钧,任卫东主编.-北京:商务印书馆,2016.10 |
| 564-1044页;25cm.-(国内第一套多国别、编年式大型文学工具性丛书) |
| 国家社科基金重点项目.-使用对象:高校相关师生以及其他的外国文学爱好者 |
| ISBN 978-7-100-12438-6(精装):CNY93.00,CNY186.00(全2册) |
| 本书对20世纪后20年的德语文学,即德国、奥地利、瑞士等国家的德语作家的文学作品,包括小说、诗歌、戏剧、文学理论与批评等方面的发展历程进行了全面梳理,并从这四个方面对这20多年的德语区的文学发展中大约650位作家和这六百多位作家约计950部作品进行了整理和部分的介绍,较为全面地介绍二十世纪最后二十余年期间,文学在德语文化区的生产、传播和研究的状况。书后还包括了四篇综述文章,附录部分还收录了涉及德语文学的文学奖项、文学机构等的简单介绍。 |
| ● |
| 相关链接 |
|
|
|
|
正题名:当代外国文学纪事
索取号:I106/287:2
 
预约/预借
| 序号 | 登录号 | 条形码 | 馆藏地/架位号 | 状态 | 备注 |
| 1 | 1285381 | 212853811 | 第一样本阅览室/ [索取号:I106/287:2] | 在馆 | |
| 2 | 1285382 | 212853820 | 第二借阅区/ [索取号:I106/287:2] | 在馆 | |
| 3 | 1285383 | 212853839 | 第二借阅区/ [索取号:I106/287:2] | 在馆 |